00922nam a22002057a 4500999001700000003000900017008004100026040007100067082001700138100002400155245012300179260003900302300002800341505015500369650002600524650004500550942001600595945000800611952009700619 c20097d20097AR-CdUCM190525b ||||| |||| 00| 0 spa d aMUNICIPALIDAD PROVINCIAL DEL CUSCOcBIBLIOTECA MUNICIPAL DEL CUSCO a665.7 /bS81 aStilman, Ernesto A. aEl maravilloso universo del oxígeno :bDesde la combustión y la respiración hasta los viajes interplanetarios / aBuenos Aires :bStilcograf,c1958. a145 páginas ;c24 cm. aContenido : El oxígeno y la vida en este mundo -- Aparatos para suministrar oxígeno al ser humano -- El oxígeno y la vida en los otros mundos... aOxigenoterapia942052 aIntoxicaciones en el mundo entero942053 2ddccLIBROS arcc 002ddc4070aSCbSCcCARTd2019-05-25g25.00o665.7 / S81pSC0000001913r2019-05-25yLIBROS